000 00473 a2200145 4500
005 20250414153343.0
020 _a0-02-313110-1
082 _a658.87 BOW
100 _aBOWERSOX, D. F.
245 _aLogistical Management: A Systems Integration of Physical Distribution Management and Material Management
250 _a2nd Ed.
260 _aNew York,
_bMacmillan,
_c1978.
300 _axii, 528p., ill., table, figure,
_bIndex, bibliography,
_c23cm.
942 _2ddc
_cBKS
999 _c1406
_d1406